00338nam a2200121 a 450000500170000000800410001702000180005805000250007610000280010124500480012926000300017730000090020720140412111327.0110128s19uu xx 00 eng d a971-569-018-1 aFil 398.2bC551 1990 aChorengel, Marla Yotoko aMaksing and Mona /cMarla Yotoko Chorengel. aPhils :bBookmark,c1990. a23p.